Svodnyj finansovyj balans

Gespeichert in:
Bibliographische Detailangaben
1. Verfasser: Galanov, Vladimir Aleksandrovič
Format: Buch
Sprache:Russisch
Veröffentlicht: Moskva Finansy i statistika 1983
Tags: Tag hinzufügen
Keine Tags, Fügen Sie das erste Tag hinzu!

MARC

LEADER 00000nam a2200000 4500
001 c116261
005 20041019155204.1
041 0 |a rus 
044 |a RU 
245 1 0 |a Svodnyj finansovyj balans  |c Vladimir Aleksandrovič Galanov 
264 1 |a Moskva  |b Finansy i statistika  |c 1983 
300 |a 134 s. 
100 1 |a Galanov, Vladimir Aleksandrovič